| 000 | 00659nmc a2200241 a 4500 | ||
|---|---|---|---|
| 003 | AR-BaBNM | ||
| 005 | 20251128211451.0 | ||
| 008 | 064020s1980 ||||||||||||||000 | spa|| | ||
| 040 | _cAR-BaBNM | ||
| 100 | 1 | _aLu, Xun | |
| 245 | 1 | 0 | _aLa verdadera historia de A Q y otros relatos |
| 260 |
_aBuenos Aires _bCentro Editor de América Latina _c1980 |
||
| 300 | _avii, 127 p. | ||
| 490 | 0 |
_aBiblioteca Básica Universal _vv. 112 |
|
| 650 | 4 | _aLITERATURA CONTEMPORANEA | |
| 650 | 4 | _aLITERATURA CHINA | |
| 650 | 4 | _aANTOLOGIAS | |
| 653 | _aNARRATIVA | ||
| 655 | _aLITERATURA | ||
| 700 | 1 |
_aDonoso, Roberto _eprologuista |
|
| 942 | _cBK | ||
| 998 | _cmartin | ||
| 999 |
_c19774 _d19774 |
||